|
|
|
|
| LEADER |
01286ppm a22002658a 4500 |
| 001 |
00045303 |
| 005 |
20191220141212.0 |
| 008 |
170627s2017 ||||||viesd |
| 041 |
0 |
# |
|a vie
|
| 082 |
1 |
4 |
|b PH110TR
|a 515
|
| 100 |
1 |
# |
|a Lý, Thị Mỹ Hằng
|
| 245 |
0 |
0 |
|c Lý Thị Mỹ Hằng ; Đỗ Văn Hùng (hướng dẫn)
|a Phát triển năng lực giải quyết vấn đề cho học sinh thông qua dạy học chủ đề hệ phương trình – Đại số 10
|b Luận văn thạc sĩ khoa học giáo dục. Chuyên ngành: LL và PP dạy học bộ môn Toán . Mã số: 8.14.01.11
|
| 260 |
# |
# |
|b Đại học Đồng Tháp
|c 2019
|a Đồng Tháp
|
| 300 |
# |
# |
|a 68 tr. + phụ lục
|c 30 cm.
|e 1 bản tóm tắt + 1 CD
|
| 500 |
# |
# |
|a ĐTTS ghi: Bộ giáo dục và đào tạo. Trường Đại học Đồng tháp
|
| 653 |
# |
# |
|a Giáo dục
|
| 653 |
# |
# |
|a Đại số
|
| 653 |
# |
# |
|a Lớp 10
|
| 653 |
# |
# |
|a Giải toán
|
| 653 |
# |
# |
|a Hệ phương trình
|
| 653 |
# |
# |
|a Luận văn
|
| 700 |
1 |
# |
|a Đỗ, Văn Hùng
|e Hướng dẫn
|
| 852 |
# |
# |
|j LV.0002196
|j LV.0002195
|
| 910 |
0 |
# |
|d 20/12/2019
|
| 980 |
# |
# |
|a Trung tâm Học liệu Lê Vũ Hùng, Trường Đại học Đồng Tháp
|